000 00930cam a2200241Ia 4500
020 _a0021094306 (gr. 1)
020 _a0021094608 (gr. 2)
020 _a0021094993 (gr. 6)
040 _cIOC
082 _a511 HIL 1998 A060 Or.
245 0 0 _aMath in my world
246 1 _aMcGraw-Hill mathematics
260 _aNew York :
_bMcGraw-Hill School Division,
_cc1998.
300 _av. :
_bcol. ill. ;
_c29-31 cm. +
_eteacher's edition + blackline masters + workbooks + teacher's assessment resources + home/school connection + read aloud anthology + activity pad + flip chart + blackline masters.
500 _aEach vol. is a separate grade level: K - 6.
520 _aStudent texts accompanied by teacher's editions (TE) and supplemental resources.
650 0 _aMathematics
650 0 _aArithmetic
650 0 _aEducation, Elementary.
700 1 _aClements, Douglas H.
710 2 _aMcGraw-Hill Companies.
942 _cEK
999 _c14414
_d14414